Statistics for Geography of Cuba Quiz

Click here to take the quiz!

General Stats

  • This quiz has been taken 53 times
  • The average score is 13 of 20

Answer Stats

QuestionAnswer% Correct
What sea does Cuba border to the south?Caribbean Sea
98%
What small inlet was site of a failed invasion planned by the U.S.?Bay of {Pig}s
94%
What is the most famous export product of Cuba?Cigars
94%
What U.S. military base is located on Cuba?{Guantánamo} Bay
94%
What gulf does Cuba border on its northwestern coastline?Gulf of Mexico
94%
What island group is Cuba part of?Greater {Antilles}
89%
What is the Spanish way of spelling Havana?La {Habana}
83%
What city, with namesake of Tobago's counterpart, is a World Heritage Site since 1988?Trinidad
83%
What are the two most populated cities in Cuba after Havana?{Santiago} de Cuba
77%
What British overseas territory shares oceanic border with Cuba?{Cayman} Islands
62%
What is the name of the largest public square in Havana?Plaza de la {Revolución}
55%
What strait connects that gulf to the Atlantic Ocean?Straits of {Florida}
53%
What is the name of the most famous cabaret and nightclub in Havana?{Tropic}ana
47%
What is the second largest Cuban island?Isla de la {Juventud}
43%
What mountain range in southern Cuba, is the island's highest areas?
(hint: Spanish word for a female teacher)
Sierra {Maestra}
43%
What are the two most populated cities in Cuba after Havana?Camagüey
40%
What strait separates the island of Hispaniola from Cuba?{Wind}ward Passage
40%
What is the name of the highest peak in Cuba, located in those ranges?
(hint: a type of cyan color)
Pico {Turquino}
32%
What city in southern Cuba is the country's national anthem named for?Bayamo
23%
What strait, or "channel", connects the sea and the gulf above to each other?{Yucatán} Channel
23%

Score Distribution

Percentile by Number Answered

Percent of People with Each Score

Your Score History

You have not taken this quiz